Исследование ультрадисперсного продукта синтеза системы "молибден - углерод" методом рентгеновской дифрактометрии; Современные материалы и технологии новых поколений

Dades bibliogràfiques
Parent link:Современные материалы и технологии новых поколений.— 2019.— [С. 248-249]
Autor principal: Кононенко П. Н.
Autor corporatiu: Национальный исследовательский Томский политехнический университет Инженерная школа информационных технологий и робототехники Отделение автоматизации и робототехники
Altres autors: Пак А. Я. Александр Яковлевич
Sumari:Заглавие с экрана
Idioma:rus
Publicat: 2019
Col·lecció:Химические технологии и биотехнологии
Matèries:
Accés en línia:http://earchive.tpu.ru/handle/11683/56904
Format: MixedMaterials Electrònic Capítol de llibre
KOHA link:https://koha.lib.tpu.ru/cgi-bin/koha/opac-detail.pl?biblionumber=630532

MARC

LEADER 00000naa2a2200000 4500
001 630532
005 20240407064714.0
035 |a (RuTPU)RU\TPU\conf\31631 
035 |a RU\TPU\conf\31629 
090 |a 630532 
100 |a 20191114d2019 k y0rusy50 ca 
101 0 |a rus 
102 |a RU 
105 |a y z 101zy 
135 |a drgn ---uucaa 
181 0 |a i  
182 0 |a b 
200 1 |a Исследование ультрадисперсного продукта синтеза системы "молибден - углерод" методом рентгеновской дифрактометрии  |f  П. Н. Кононенко, А. Я. Пак 
203 |a Текст  |c электронный 
225 1 |a Химические технологии и биотехнологии 
300 |a Заглавие с экрана 
320 |a [Библиогр.: с. 249 (7 назв.)] 
463 0 |0 (RuTPU)RU\TPU\conf\31468  |t Современные материалы и технологии новых поколений  |o сборник научных трудов II Международного молодежного конгресса, г. Томск, 30 сентября - 5 октября 2019 г.  |f Национальный исследовательский Томский политехнический университет, Инженерная школа новых производственных технологий ; под ред. А. Н. Яковлева [и др.]  |v [С. 248-249]  |d 2019 
610 1 |a электронный ресурс 
610 1 |a труды учёных ТПУ 
610 1 |a ультрадисперсные материалы 
610 1 |a синтез 
610 1 |a молибден 
610 1 |a углерод 
610 1 |a рентгеновская дифрактометрия 
610 1 |a карбиды металлов 
610 1 |a плазма 
610 1 |a дуговые разряды 
700 1 |a Кононенко  |b П. Н. 
701 1 |a Пак  |b А. Я.  |c специалист в области электротехники  |c профессор Томского политехнического университета, доктор технических наук  |f 1986-  |g Александр Яковлевич  |y Томск  |3 (RuTPU)RU\TPU\pers\30051  |9 14481 
712 0 2 |a Национальный исследовательский Томский политехнический университет  |b Инженерная школа информационных технологий и робототехники  |b Отделение автоматизации и робототехники  |3 (RuTPU)RU\TPU\col\23553 
801 2 |a RU  |b 63413507  |c 20191118  |g RCR 
856 4 |u http://earchive.tpu.ru/handle/11683/56904 
942 |c BK